| 000 | 01252nam a22003377a 4500 | ||
|---|---|---|---|
| 001 | 0045541 | ||
| 003 | KOHA_MİRAKIL | ||
| 005 | 20260207003448.0 | ||
| 007 | ta | ||
| 008 | 140127b2005 tu |||gr||||#0|||0|tur | | ||
| 020 | _a9756881046 | ||
| 040 |
_aTR-BiSEU _btur _cTR-BiSEU _erda |
||
| 041 | 0 | _atur | |
| 044 | _ctu | ||
| 050 |
_aDR479 _b.U48 2005 |
||
| 111 | 2 |
_aUluslararası Osmanlı ve Cumhuriyet Dönemi Türk-Bulgar İlişkileri Sempozyumu (2005 : Eskişehir, Turkey) _983909 |
|
| 245 | 1 |
_aUluslararası Osmanlı ve Cumhuriyet dönemi Türk-Bulgar ilişkileri sempozyumu bildiriler kitabı, 11-13 Mayıs 2005/ _c . |
|
| 264 | 1 |
_aEskişehir : _bOsmangazi Üniversitesi Fen Edebiyat Fakültesi Tarih Bölüm _c2005 |
|
| 300 |
_a485 sayfa ; _c30 cm. |
||
| 336 |
_ametin _btxt _2rdacontent |
||
| 337 |
_aaracısız _bn _2rdamedia |
||
| 338 |
_acilt _bnc _2rdacarrier |
||
| 490 | 1 |
_aOdunpazarı Belediyesi yayınları ; _v7. |
|
| 490 | 1 | _a Tarih dizisi ;2 | |
| 650 | 0 |
_aTurkey--Foreign relations--Bulgaria--Congresses. _983910 |
|
| 650 | 0 |
_aBulgaria--Foreign relations--Turkey--Congresses. _983911 |
|
| 830 | 1 |
_aOdunpazarı Belediyesi yayınları ; _v7. _927085 |
|
| 830 | 1 |
_a Tarih dizisi ;2 _983912 |
|
| 907 | _aTarih | ||
| 942 |
_2lcc _cBK |
||
| 999 |
_c45510 _d45510 |
||